Music Quiz

Random Music or Song Quiz

Half n Half: Solo Artists Quiz Stats

Quiz Updated Jul 4, 2016

Challenge
Share
Tweet
Embed
Score 0/30 Timer 05:00
0 Plays Today
Half Half % Correct
Wrecking MileyBall Cyrus
92.4%
Heartbreak ElvisHotel Presley
92.2%
Piano BillyMan Joel
91%
Poker LadyFace Gaga
89.8%
Crocodile EltonRock John
87.5%
Sexual MarvinHealing Gaye
86.3%
Maggie RodMay Stewart
83.1%
Tutti LittleFrutti Richard
82.6%
Peggy BuddySue Holly
82.4%
Hollaback GwenGirl Stefani
77.9%
True CyndiColors Lauper
76.3%
American DonPie McLean
75.4%
Sweet NeilCaroline Diamond
73.8%
Private TinaDancer Turner
73.4%
Jessie's RickGirl Springfield
72.8%
Half Half % Correct
Gold KanyeDigger West
70.2%
Blueberry FatsHill Domino
69.5%
Careless GeorgeWhisper Michael
69.2%
Fast TracyCar Chapman
67.8%
Straight PaulaUp Abdul
64.4%
Super RickFreak James
62.6%
Last DonnaDance Summer
61.3%
Rebel DavidRebel Bowie
56.7%
Rhythm JanetNation Jackson
55.1%
Redemption BobSong Marley
53.6%
Instant JohnKarma Lennon
53.2%
Hungry BruceHeart Springsteen
52.4%
Dark KatyHorse Perry
46.1%
Splish BobbySplash Darin
45.9%
Miss KellyIndependent Clarkson
31.8%

You're not logged in!

Compare scores with friends on all Sporcle quizzes.
Sign Up with Email
OR
Log In

You Might Also Like...

Show Comments

Extras

Top Quizzes Today


Score Distribution

Your Account Isn't Verified!

In order to create a playlist on Sporcle, you need to verify the email address you used during registration. Go to your Sporcle Settings to finish the process.